| 000 | 00691nam a2200205 i 4500 | ||
|---|---|---|---|
| 001 | 149890 | ||
| 003 | ES-MaACL | ||
| 005 | 20230906203311.0 | ||
| 007 | t| | ||
| 008 | 071024s1973 sp ||||1| cat d | ||
| 100 | 1 |
_aValls i Taberner, Ferran. _9112942 |
|
| 245 | 1 | 0 |
_aIdeari de Ferran Valls i Taberner / _crecopilació i próleg d'Antoni Alvarez-Solís ; nota introductoría de Antoni Jutglar. |
| 260 |
_aBarceona : _bDopesa, _c[1973] |
||
| 300 |
_a152 p. ; _c20 cm. |
||
| 650 | 1 | 4 |
_aRegionalismo- _zCataluña. _916747 |
| 651 | 4 |
_aCataluña- _xHistoria. _98013 |
|
| 700 | 1 |
_aAlvarez Solís, Antonio. _920972 |
|
| 700 | 1 |
_aJutglar, Antoni. _967368 |
|
| 852 |
_aES-MaACL _jC-52564 _bR.85675 |
||
| 999 |
_c149890 _d149890 |
||